<?xml version="1.0" encoding="UTF-8"?>
<record
    xmlns:xsi="http://www.w3.org/2001/XMLSchema-instance"
    xsi:schemaLocation="http://www.loc.gov/MARC21/slim http://www.loc.gov/standards/marcxml/schema/MARC21slim.xsd"
    xmlns="http://www.loc.gov/MARC21/slim">

  <leader>01482cas a2200433   4500</leader>
  <controlfield tag="001">1269</controlfield>
  <controlfield tag="005">20211208233314.0</controlfield>
  <controlfield tag="008">131125c19629999pk qr p       0   a0eng  </controlfield>
  <datafield tag="025" ind1=" " ind2=" ">
    <subfield code="a">PL480: P-D-E-63</subfield>
  </datafield>
  <datafield tag="035" ind1=" " ind2=" ">
    <subfield code="a">(OCoLC)ocm01753984 </subfield>
  </datafield>
  <datafield tag="035" ind1=" " ind2=" ">
    <subfield code="a">(BD-RjUL)1291</subfield>
  </datafield>
  <datafield tag="040" ind1=" " ind2=" ">
    <subfield code="a">DLC</subfield>
    <subfield code="c">MnMULS</subfield>
    <subfield code="d">CtY</subfield>
    <subfield code="d">InU</subfield>
    <subfield code="d">MBTI</subfield>
    <subfield code="d">DLC</subfield>
    <subfield code="d">NST</subfield>
    <subfield code="d">DNLM</subfield>
    <subfield code="d">OCoLC</subfield>
    <subfield code="d">NLGGC</subfield>
    <subfield code="d">InFwCT</subfield>
    <subfield code="d">OCoLC</subfield>
    <subfield code="d">J9U</subfield>
    <subfield code="d">UKMGB</subfield>
    <subfield code="d">MiU</subfield>
    <subfield code="d">MH</subfield>
    <subfield code="d">OrPS</subfield>
    <subfield code="d">BD-RjUL</subfield>
  </datafield>
  <datafield tag="042" ind1=" " ind2=" ">
    <subfield code="a">pcc</subfield>
  </datafield>
  <datafield tag="082" ind1="0" ind2="4">
    <subfield code="a">297.05</subfield>
    <subfield code="2">19</subfield>
    <subfield code="b">ISS</subfield>
  </datafield>
  <datafield tag="245" ind1="0" ind2="0">
    <subfield code="a">Islamic studies.</subfield>
  </datafield>
  <datafield tag="260" ind1=" " ind2=" ">
    <subfield code="a">[Islamabad, Pakistan, etc.]</subfield>
    <subfield code="b">Islamic Research Institute [etc.]</subfield>
  </datafield>
  <datafield tag="300" ind1=" " ind2=" ">
    <subfield code="a">v. ;</subfield>
    <subfield code="c">24 cm.</subfield>
  </datafield>
  <datafield tag="550" ind1=" " ind2=" ">
    <subfield code="a">Journal of the Islamic Research Institute, Pakistan (called 1962-Sept. 1965, Central Institute of Islamic Research).</subfield>
  </datafield>
  <datafield tag="650" ind1=" " ind2="0">
    <subfield code="a">Islam</subfield>
    <subfield code="v">Periodicals.</subfield>
    <subfield code="9">3746</subfield>
  </datafield>
  <datafield tag="650" ind1="1" ind2="7">
    <subfield code="a">Islam.</subfield>
    <subfield code="2">gtt</subfield>
    <subfield code="9">3747</subfield>
  </datafield>
  <datafield tag="710" ind1="2" ind2=" ">
    <subfield code="a">Islamic Research Institute (Pakistan)</subfield>
    <subfield code="9">3748</subfield>
  </datafield>
  <datafield tag="710" ind1="2" ind2=" ">
    <subfield code="a">Central Institute of Islamic Research (Pakistan)</subfield>
    <subfield code="9">3749</subfield>
  </datafield>
  <datafield tag="776" ind1="0" ind2="8">
    <subfield code="i">Online version:</subfield>
    <subfield code="t">Islamic studies</subfield>
    <subfield code="w">(DLC)  2011234711</subfield>
    <subfield code="w">(OCoLC)557670399</subfield>
  </datafield>
  <datafield tag="906" ind1=" " ind2=" ">
    <subfield code="a">7</subfield>
    <subfield code="b">cbc</subfield>
    <subfield code="c">serials</subfield>
    <subfield code="d">3</subfield>
    <subfield code="e">ncip</subfield>
    <subfield code="f">19</subfield>
    <subfield code="g">n-oclcserc</subfield>
  </datafield>
  <datafield tag="936" ind1=" " ind2=" ">
    <subfield code="a">Unknown</subfield>
    <subfield code="a">spring 1981</subfield>
  </datafield>
  <datafield tag="942" ind1=" " ind2=" ">
    <subfield code="2">ddc</subfield>
    <subfield code="c">CR</subfield>
  </datafield>
  <datafield tag="999" ind1=" " ind2=" ">
    <subfield code="c">1269</subfield>
    <subfield code="d">1269</subfield>
  </datafield>
  <datafield tag="952" ind1=" " ind2=" ">
    <subfield code="0">0</subfield>
    <subfield code="1">0</subfield>
    <subfield code="2">ddc</subfield>
    <subfield code="4">0</subfield>
    <subfield code="5">1</subfield>
    <subfield code="7">1</subfield>
    <subfield code="a">RUCL</subfield>
    <subfield code="b">RUCL</subfield>
    <subfield code="c">Serials Stack</subfield>
    <subfield code="d">2013-11-25</subfield>
    <subfield code="h">Volume 46 No.1-4  (2007)</subfield>
    <subfield code="l">0</subfield>
    <subfield code="o">P 297.05 ISS V.46No.1-4  2007</subfield>
    <subfield code="r">2013-11-25 00:00:00</subfield>
    <subfield code="w">2013-11-25</subfield>
    <subfield code="y">CR</subfield>
  </datafield>
</record>
